000 00570nam a2200217Ia 4500
003 OSt
005 20220923211738.0
006 a|||||r|||| 00| 0
007 ta
008 Pun
024 _a43,947
037 _cTextual
040 _aARTS
_cARTS
_bPun
041 _2Pun
_aPun
082 _aO153,6N36x, K3
100 _aਕਾਂਗ, ਕੁਲਬੀਰ ਸਿੰਘ
245 0 _aਬੱਦਲਾਂ ਦੇ ਰੰਗ
260 _c1963
942 _hO153,6N36x, K3
_cTEXL
_2CC
999 _c303099
_d303099